ARRUPE JESUIT UNIVERSITY

CORONAVIRUS -STOP THE SPREAD - CLEAN,DISINFECT,COVER

The age of migration (Record no. 8528)

MARC details
000 -LEADER
fixed length control field 00591nam a2200229Ia 4500
003 - CONTROL NUMBER IDENTIFIER
control field 0100
008 - FIXED-LENGTH DATA ELEMENTS--GENERAL INFORMATION
fixed length control field 130303s9999 xx 000 0 und d
020 ## - INTERNATIONAL STANDARD BOOK NUMBER
International Standard Book Number 898622484
040 ## - CATALOGING SOURCE
Transcribing agency ARRUPELIB
050 ## - LIBRARY OF CONGRESS CALL NUMBER
Classification number JV6032.C371993
300 ## - PHYSICAL DESCRIPTION
Other physical details 307 p.22cm
100 ## - MAIN ENTRY--PERSONAL NAME
Personal name Castles, Stephen
245 #4 - TITLE STATEMENT
Title The age of migration
245 ## - TITLE STATEMENT
Remainder of title international population movements in the modern world
260 ## - PUBLICATION, DISTRIBUTION, ETC. (IMPRINT)
Place of publication, distribution, etc New York
260 ## - PUBLICATION, DISTRIBUTION, ETC. (IMPRINT)
Name of publisher, distributor, etc The Guilford Press
260 ## - PUBLICATION, DISTRIBUTION, ETC. (IMPRINT)
-- 1993
300 ## - PHYSICAL DESCRIPTION
Extent X
650 ## - SUBJECT ADDED ENTRY--TOPICAL TERM
Topical term following geographic name as entry element Thomist realism
700 ## - ADDED ENTRY--PERSONAL NAME
Personal name Stephen Castles, Mark J. Miller , Miller, Mark J
942 00 - ADDED ENTRY ELEMENTS (KOHA)
Koha issues (borrowed), all copies 2
Holdings
Withdrawn status Lost status Source of classification or shelving scheme Damaged status Not for loan Collection code Home library Current library Shelving location Date acquired Total Checkouts Full call number Barcode Date last seen Date checked out Copy number Price effective from Koha item type
    Library of Congress Classification     Main Collection ARRUPE LIBRARY ARRUPE LIBRARY   04/03/2013 5 JV6032.C371993 46003048915 17/11/2021 06/10/2021 1 04/03/2013 Monograph ( Printed materials)

 

Arrupe Library. PO Box MP320 Mt Pleasant, Harare, Zimbabwe
263 242 745411|librarian@aju.ac.zw